Counties of Iowa - Statistics

General Stats
  • This quiz has been taken 12 times
  • The average score is 34 of 99
Answer Stats
Answer % Correct
Des Moines
78%
Polk
78%
Washington
67%
Adams
56%
Black Hawk
56%
Clay
56%
Franklin
56%
Iowa
56%
Jefferson
56%
Johnson
56%
Keokuk
56%
Marion
56%
Monroe
56%
Sioux
56%
Adair
44%
Buchanan
44%
Dubuque
44%
Hamilton
44%
Hancock
44%
Hardin
44%
Jackson
44%
Jasper
44%
Madison
44%
Marshall
44%
Scott
44%
Story
44%
Taylor
44%
Winneshiek
44%
Allamakee
33%
Audubon
33%
Benton
33%
Boone
33%
Bremer
33%
Buena Vista
33%
Calhoun
33%
Cedar
33%
Cherokee
33%
Clinton
33%
Crawford
33%
Dallas
33%
Davis
33%
Emmet
33%
Fayette
33%
Harrison
33%
Howard
33%
Ida
33%
Jones
33%
Kossuth
33%
Louisa
33%
Lucas
33%
Lyon
33%
Montgomery
33%
Palo Alto
33%
Plymouth
33%
Pottawattamie
33%
Poweshiek
33%
Ringgold
33%
Tama
33%
Union
33%
Wapello
33%
Wayne
33%
Winnebago
33%
Woodbury
33%
Appanoose
22%
Butler
22%
Carroll
22%
Cass
22%
Cerro Gordo
22%
Clarke
22%
Clayton
22%
Decatur
22%
Delaware
22%
Dickinson
22%
Floyd
22%
Fremont
22%
Greene
22%
Grundy
22%
Guthrie
22%
Henry
22%
Humboldt
22%
Lee
22%
Linn
22%
Mahaska
22%
Mills
22%
Mitchell
22%
Monona
22%
Muscatine
22%
O'Brien
22%
Osceola
22%
Page
22%
Pocahontas
22%
Sac
22%
Van Buren
22%
Warren
22%
Webster
22%
Worth
22%
Chickasaw
11%
Shelby
11%
Wright
11%
No matching quizzes found
Score Distribution
Percent of People with Each Score
Percentile by Number Answered
Your Score History
You have not taken this quiz